Nationalism (Record no. 1466218)

MARC details
000 -LEADER
fixed length control field 00751 a2200241 4500
005 - DATE AND TIME OF LATEST TRANSACTION
control field 20260309101857.0
008 - FIXED-LENGTH DATA ELEMENTS--GENERAL INFORMATION
fixed length control field 260109b |||||||| |||| 00| 0 eng d
020 ## - INTERNATIONAL STANDARD BOOK NUMBER
International Standard Book Number 9788175993105 (pbk)
037 ## - SOURCE OF ACQUISITION
Terms of availability TB
040 ## - CATALOGING SOURCE
Original cataloging agency CRL
Transcribing agency CRL
041 ## - LANGUAGE CODE
Source of code eng
Language code of text/sound track or separate title eng
084 ## - COLON CLASSIFICATION NUMBER
Classification number W94xM61 R4
Assigning agency CRL
100 ## - MAIN ENTRY--PERSONAL NAME
Personal name Tagore, Rabindranath
9 (RLIN) 855951
245 ## - TITLE STATEMENT
Title Nationalism
260 ## - PUBLICATION, DISTRIBUTION, ETC.
Place of publication, distribution, etc. New Delhi, India:
Name of publisher, distributor, etc. Fingerprint Publishing,
Date of publication, distribution, etc. 2024.
300 ## - PHYSICAL DESCRIPTION
Extent 117p.
365 ## - TRADE PRICE
Currency code 149.00
Unit of pricing INR
650 ## - SUBJECT ADDED ENTRY--TOPICAL TERM
Topical term or geographic name entry element Political Science
650 ## - SUBJECT ADDED ENTRY--TOPICAL TERM
Topical term or geographic name entry element Nationalism
650 ## - SUBJECT ADDED ENTRY--TOPICAL TERM
Topical term or geographic name entry element Rabindranath Tagore
9 (RLIN) 1131289
942 ## - ADDED ENTRY ELEMENTS (KOHA)
Koha item type Textbook
Source of classification or shelving scheme Colon Classification (CC)
Suppress in OPAC No
Classification part W94xM61 R4
Holdings
Withdrawn status Lost status Source of classification or shelving scheme Damaged status Not for loan Home library Current library Date acquired Source of acquisition Cost, normal purchase price Inventory number Total Checkouts Full call number Barcode Date last seen Cost, replacement price Price effective from Koha item type Public note
    Colon Classification (CC)     Central Library Central Library 2026-01-09 4 / Classic Book Service 119.20 135 &2025-12-24   W94xM61 R4 CL1925108 2025-12-30 149.00 2025-12-30 Textbook Centre for Independence and Partition Studies
Copyright @ Delhi University Library System